| 000 | 00448nam a2200169 a 4500 | ||
|---|---|---|---|
| 001 | 0000-9103 | ||
| 003 | ELIB.Books | ||
| 008 | 110520 1939 | ||
| 035 | _a(ELIB.Books)0000-9252 | ||
| 082 |
_a268.432 _bShe |
||
| 100 | _aSherrill, Lewis Joseph | ||
| 245 | _aUnderstanding Children | ||
| 260 |
_bNashville: Abingdon-Cokesbury Press _c1939 |
||
| 650 | _aChristian Education | ||
| 942 |
_2ddc _cBK |
||
| 998 |
_cbat _e2011-05-20 |
||
| 999 |
_c9103 _d9103 |
||